Statistics for Countries With The Most Positive Opinion On Brazil

Click here to take the quiz!

General Stats

  • This quiz has been taken 23 times
  • The average score is 24 of 30

Answer Stats

%Country% Correct
60United States
100%
79Argentina
95%
63Canada
95%
73Italy
95%
56Mexico
95%
53Paraguay
95%
72Peru
95%
63Portugal
95%
87Uruguay
95%
64Australia
89%
54China
89%
68Colombia
89%
65France
89%
63Japan
89%
65South Korea
89%
69Spain
89%
52Bolivia
84%
82Chile
84%
67Germany
84%
62Netherlands
84%
55Poland
84%
53Russia
84%
62Ireland
79%
56United Kingdom
79%
55Indonesia
68%
58Greece
58%
68India
58%
62Angola
42%
59Bangladesh
21%
54Senegal
16%

Score Distribution

Percentile by Number Answered

Percent of People with Each Score

Your Score History

You have not taken this quiz